McGraw-Hill's Multimedia Courseware for Child Development / (Record no. 15658)
[ view plain ]
| 000 -LEADER | |
|---|---|
| fixed length control field | 00980ngm a22002057a 4500 |
| 008 - FIXED-LENGTH DATA ELEMENTS--GENERAL INFORMATION | |
| fixed length control field | 110703s2000 nyu|||||s|||| 00| 0 eng d |
| 020 ## - INTERNATIONAL STANDARD BOOK NUMBER | |
| International Standard Book Number | 007234475X |
| 020 ## - INTERNATIONAL STANDARD BOOK NUMBER | |
| International Standard Book Number | 9780072344752 |
| 082 ## - DEWEY DECIMAL CLASSIFICATION NUMBER | |
| Edition number | 22 |
| Classification number | 305.231 |
| Item number | MUL |
| 245 ## - TITLE STATEMENT | |
| Title | McGraw-Hill's Multimedia Courseware for Child Development / |
| Statement of responsibility, etc | Charlotte J. Patterson. |
| 260 ## - PUBLICATION, DISTRIBUTION, ETC. (IMPRINT) | |
| Place of publication, distribution, etc | [New York] : |
| Name of publisher, distributor, etc | McGraw-Hill Companies, 2000. |
| Date of publication, distribution, etc | 2000 |
| 300 ## - PHYSICAL DESCRIPTION | |
| Extent | 2 computer optical discs : |
| Other physical details | sd., col. ; |
| Dimensions | 4 3/4 in. |
| 520 ## - SUMMARY, ETC. | |
| Summary, etc | Includes videos of contemporary and classic experiments, interactive tests, unique projects for each module and dedicated websites on the topic of child development |
| 650 ## - SUBJECT ADDED ENTRY--TOPICAL TERM | |
| 9 (RLIN) | 26075 |
| Topical term or geographic name as entry element | Child development |
| Form subdivision | Software |
| General subdivision | Study and teaching |
| 653 ## - INDEX TERM--UNCONTROLLED | |
| -- | General |
| 700 ## - ADDED ENTRY--PERSONAL NAME | |
| 9 (RLIN) | 26071 |
| Personal name | Patterson,Charlotte J. |
| 710 ## - ADDED ENTRY--CORPORATE NAME | |
| 9 (RLIN) | 14099 |
| Corporate name or jurisdiction name as entry element | McGraw-Hill Companies |
| 942 ## - ADDED ENTRY ELEMENTS (KOHA) | |
| Source of classification or shelving scheme | Dewey Decimal Classification |
| Item type | |
| Withdrawn status | Lost status | Source of classification or shelving scheme | Damaged status | Not for loan | Home library | Current library | Shelving location | Date acquired | Source of acquisition | Total Checkouts | Full call number | Barcode | Date last seen | Koha item type | Public note |
|---|---|---|---|---|---|---|---|---|---|---|---|---|---|---|---|
| Dewey Decimal Classification | Central Library | Central Library | First floor | 03/07/2011 | 305.231 CHA | 000008060 | 24/08/2022 | CD | DVD - (NB) | 2 CDs |